00995 2200313 4500001002100000005001500021035002000036007000300056008004100059020002200100040002200122082001200144084001400156090002200170100003400192245012600226250002600352300003400378650001300412700002700425850001200452504003300464264006600497336002100563337003000584338002300614999002200637990002200659INLIS00000000089339720250213104419 a0010-0225000479ta250213s2025 yoi g ind d a978-602-9324-97-6 aYOPDYOGbinderda04223a100 a100 SUW f aCB-D.11 2025-00850 aSuwardi EndraswaraePengarang10aFilsafat ilmu :bedisi baru konsep, sejarah, dan pengembangan metode ilmiah /cSuwardi Endraswara; Penyunting, Tri Admojo aCetakan Pertama: 2025 aviii, 283 halaman ;c; 23 cm. 4aFilsafat0  PenyuntingaTri Atmojo aYOPDYOG aBibliografi: halaman 278-28131aSleman :bCAPS(Center for Academic Publishing Service),c2025 2rdacontentateks 2rdamediaatanpa perantara 2rdacarrieravolume aCB-D.11/2025-0085 aCB-D.11/2025-0085